000 00681nam a2200217Ia 4500
008 131103s9999 xx 000 0 und d
020 _cRs 100
040 _aLoreto College
041 _aEnglish
082 _a891.439/SHA
_bLCLIB/44861;44862
100 _aSharma, Shivkumar
245 _aHindi sahitya
_b yug aur pravritya : Hindi sahitya itihas ka vikasatmak evam prabrityatmak adhyaan
_cDr. Shivkumar Sharma
250 _a18th rev ed
260 _aDelhi
_bAshoke Prakashan
_c2006
300 _a728p
_c 25 cm
630 _aHistory of Hindi Literature
650 _aLiterature, Hindi, History
651 _aHindi Literature
850 _aLCLIB/891.439/SHA
942 _cBK
999 _c13160
_d63639